| 000 | 00685nam a2200241 a 4500 | ||
|---|---|---|---|
| 005 | 20210219152936.0 | ||
| 008 | 991125n 000 0 u | ||
| 035 | _aUPN01000067968 | ||
| 100 | _aGorn, Cathy | ||
| 222 | _aSOCIAL STUDIES AND THE YOUNG LEARNER | ||
| 245 | _aThe Columbia voyages and primary-grade learners | ||
| 300 | _a17-18 | ||
| 362 | _a4, No. 4, 1992 | ||
| 505 | _aMarzo 1993 | ||
| 653 | 0 | _aCONTENIDO DE LOS LIBROS DE TEXTO | |
| 653 | 0 | _aEDUCACION MULTICULTURAL | |
| 653 | 0 | _aHISTORIA INDO-AMERICANA | |
| 653 | 0 | _aINSTRUCCION DE HISTORIA | |
| 653 | 0 | _aLITERATURA INFANTIL | |
| 653 | 0 | _aRECURSOS PRIMARIOS | |
| 904 |
_aAC _b005779 |
||
| 905 | _aArticulo | ||
| 999 |
_c64291 _d64291 |
||